| 000 | 00361 a2200157 4500 | ||
|---|---|---|---|
| 003 | Nust | ||
| 005 | 20230214101119.0 | ||
| 040 | _cNust | ||
| 082 | _a297,RAB | ||
| 100 |
_aFazal-e-Rabbi _9109039 |
||
| 245 |
_aAy Eman Walo / _cDr Fazal-e-Rabbi |
||
| 260 |
_aRawalpindi _bGHQ _62007 |
||
| 300 | _a264:p | ||
| 650 |
_aIslam, Religious _9109040 |
||
| 942 |
_2ddc _cBK |
||
| 999 |
_c188033 _d188033 |
||